[Event "17th 4NCL Congress"]
[Site "Harrogate"]
[Date "2018.01.20"]
[Round "2"]
[Board "13"]
[White "MUNSON, Shaun D"]
[Black "HAN, Yichen"]
[Result "0-1"]
[WhiteElo "2165"]
[BlackElo "1913"]
[PlyCount "108"]
[EventDate "2018.01.19"]
[EventRounds "5"]
[EventCountry "ENG"]

1. d4 Nf6 2. Nc3 d5 3. Bg5 Nbd7 4. Qd3 h6 5. Bf4 c6 6. Nf3 e6 7. h3 Be7 8. e4
Bb4 9. e5 Ne4 10. Nd2 Nxd2 11. Bxd2 O-O 12. Qg3 Kh8 13. O-O-O a6 14. f4 c5 15.
a3 Ba5 16. dxc5 Bxc3 17. Bxc3 Nxc5 18. Bd4 Qe7 19. Qe3 b6 20. g4 Bd7 21. h4
Rfc8 22. h5 Ba4 23. Kb1 Ne4 24. Bd3 b5 25. Bxe4 dxe4 26. b3 b4 27. f5 bxa3 28.
f6 Qb7 29. fxg7+ Kxg7 30. g5 Rab8 31. gxh6+ Kh7 32. Rh3 Qd5 33. Qf2 Rc7 34. Qg2
Rg8 35. Qe2 Bb5 36. Qe1 Bd3 37. Rdxd3 exd3 38. Rxd3 Qg2 39. Rd2 Qg4 40. Qe3 Rd7
41. Ka2 Qg5 42. Qe4+ Qf5 43. Qc6 Rgd8 44. Rf2 Qxh5 45. Bb6 Qxe5 46. Kxa3 Qa1+
47. Kb4 Rd4+ 48. c4 Qe1+ 49. Ka3 Qxf2 50. Qc7 Qf6 51. Qg3 Rd3 52. Qc7 R8d6 53.
Bc5 Qa1+ 54. Kb4 Qc3+ 0-1

[Event "17th 4NCL Congress"]
[Site "Harrogate"]
[Date "2018.01.20"]
[Round "2"]
[Board "14"]
[White "HYMER, Barry J"]
[Black "YOON, Jacob D"]
[Result "0-1"]
[WhiteElo "1839"]
[BlackElo "2067"]
[PlyCount "116"]
[EventDate "2018.01.19"]
[EventRounds "5"]
[EventCountry "ENG"]

1. d4 Nf6 2. Nf3 e6 3. Bf4 c5 4. e3 Nc6 5. c3 d5 6. Bd3 Be7 7. O-O Nh5 8. Bg3
Nxg3 9. hxg3 O-O 10. Nbd2 Bf6 11. dxc5 Qe7 12. Qc2 g6 13. b4 a5 14. Rab1 e5 15.
e4 d4 16. b5 Nb8 17. cxd4 exd4 18. e5 Bg7 19. Rfe1 Nd7 20. Ne4 Nxe5 21. Nxd4
Rd8 22. Nd6 Rxd6 23. cxd6 Qxd6 24. Rbd1 Qxd4 25. Bxg6 Qb6 26. Bxh7+ Kh8 27. Rd5
Bg4 28. Rdxe5 Bxe5 29. Rxe5 Rc8 30. Qb1 Qh6 31. f4 Qxh7 32. Qxh7+ Kxh7 33. Re7
Rb8 34. Rxf7+ Kg6 35. Rc7 b6 36. Kf2 Re8 37. Rc6+ Re6 38. a3 Kf5 39. Rc4 Re2+
40. Kf1 Rb2 41. Rc7 Rxb5 42. Rf7+ Kg6 43. Rf8 Kg7 44. Rb8 Rb2 45. Rb7+ Kf6 46.
Rb8 b5 47. Rg8 Be2+ 48. Ke1 Bc4 49. Rf8+ Ke7 50. Ra8 a4 51. g4 Rxg2 52. Ra7+
Kd6 53. Ra6+ Kd5 54. g5 Ke4 55. Rf6 Ke3 56. Kd1 Rf2 57. f5 Kd3 58. Rd6+ Kc3 0-1

[Event "17th 4NCL Congress"]
[Site "Harrogate"]
[Date "2018.01.20"]
[Round "2"]
[Board "15"]
[White "ACKLEY, Peter Je"]
[Black "RUSHBROOKE, Remy"]
[Result "1/2-1/2"]
[WhiteElo "2032"]
[BlackElo "1834"]
[PlyCount "101"]
[EventDate "2018.01.19"]
[EventRounds "5"]
[EventCountry "ENG"]

1. c4 e6 2. g3 f5 3. Bg2 Nf6 4. Nf3 c6 5. O-O d5 6. d3 Bd6 7. Nc3 e5 8. cxd5
cxd5 9. Bg5 Be6 10. Qb3 Nbd7 11. Qxb7 Rb8 12. Qxa7 d4 13. Nd1 Ra8 14. Qb7 O-O
15. Nd2 Ra4 16. Qc6 Nc5 17. Bxf6 Rxf6 18. Bd5 Be7 19. Bxe6+ Rxe6 20. Qf3 g6 21.
b3 Raa6 22. Nb2 Bg5 23. Ndc4 e4 24. Qg2 Qa8 25. b4 Nb3 26. b5 Rxa2 27. Rxa2
Qxa2 28. f4 Bd8 29. g4 Kh8 30. gxf5 gxf5 31. Ne5 Re7 32. Qh3 Rg7+ 33. Kh1 exd3
34. Nbxd3 Qxe2 35. Qf3 Qe4 36. Re1 Nd2 37. Qxe4 fxe4 38. Rd1 Nb3 39. Rb1 Nd2
40. Rd1 Ba5 41. Nc1 e3 42. Rg1 Ne4 43. Rxg7 Kxg7 44. Kg2 Nc3 45. Nc4 Bc7 46. b6
Bxf4 47. Nd3 Bb8 48. Na5 Nd5 49. Nc6 Bxh2 50. Kxh2 Nxb6 51. Nxd4 1/2-1/2

[Event "17th 4NCL Congress"]
[Site "Harrogate"]
[Date "2018.01.20"]
[Round "2"]
[Board "16"]
[White "TOWERS, Brian"]
[Black "GRATTAGE, Matthew"]
[Result "0-1"]
[WhiteElo "1787"]
[BlackElo "2017"]
[PlyCount "56"]
[EventDate "2018.01.19"]
[EventRounds "5"]
[EventCountry "ENG"]

1. d4 d5 2. Bf4 Nf6 3. e3 e6 4. Nf3 c5 5. c3 Nc6 6. Nbd2 Bd6 7. Bg3 Qe7 8. Ne5
Nd7 9. Bb5 Bxe5 10. dxe5 O-O 11. f4 f6 12. exf6 Nxf6 13. O-O a6 14. Ba4 b5 15.
Bc2 e5 16. fxe5 Nxe5 17. e4 Bg4 18. Qe1 d4 19. cxd4 cxd4 20. Bh4 d3 21. Bb3+
Kh8 22. Rc1 Be2 23. Rf4 Ng6 24. Bxf6 Rxf6 25. Rxf6 Qxf6 26. Bd5 Rf8 27. Rc6
Qd4+ 28. Kh1 Ne7 0-1

[Event "17th 4NCL Congress"]
[Site "Harrogate"]
[Date "2018.01.20"]
[Round "2"]
[Board "17"]
[White "WELLS, Jonathan C"]
[Black "THER, Mate"]
[Result "1-0"]
[WhiteElo "1965"]
[BlackElo "1576"]
[PlyCount "87"]
[EventDate "2018.01.19"]
[EventRounds "5"]
[EventCountry "ENG"]

1. d4 Nf6 2. c4 e6 3. g3 d5 4. Nf3 Be7 5. Bg2 O-O 6. O-O dxc4 7. Qc2 a6 8. a4
Bd7 9. Ne5 Bc6 10. Nxc6 Nxc6 11. Bxc6 bxc6 12. Qxc4 Qd5 13. Nd2 Rfd8 14. e3 a5
15. b3 Rab8 16. Ba3 Bb4 17. Qxd5 Rxd5 18. Bxb4 Rxb4 19. Rac1 Rb6 20. Rc2 e5 21.
dxe5 Nd7 22. f4 c5 23. Kf2 Rh6 24. h4 f5 25. Ke2 Nb6 26. Rfc1 Rc6 27. Nc4 Nxc4
28. bxc4 Rd8 29. Rb2 Rb6 30. Rb5 Rxb5 31. cxb5 Rd5 32. Rd1 Rxd1 33. Kxd1 Kf7
34. Kd2 Ke6 35. Kd3 Kd5 36. h5 c4+ 37. Kc3 Kc5 38. e6 Kd6 39. Kxc4 Kxe6 40. Kc5
Kd7 41. Kd5 Kd8 42. Kc6 Kc8 43. b6 cxb6 44. Kxb6 1-0